| 000 | 00578nam a2200193 a 4500 | ||
|---|---|---|---|
| 001 | 5926 | ||
| 003 | CDMR | ||
| 005 | 20131009113115.0 | ||
| 008 | 130220s2004||||||||||||||||||||||||||||d | ||
| 040 |
_aCDMR _bcat _cCDMR |
||
| 100 | 1 |
_aRobert, Robert _92483 |
|
| 245 | 1 | 0 |
_aRobert Robert _b: Barcelona avui en dia _c[A cura de] Enric Cassany i Robert Robert |
| 260 |
_aBarcelona _bEmpúries _c2004 |
||
| 300 |
_a156 p ; _c18 cm |
||
| 490 | 0 |
_aEmpúries Narrativa _v225 |
|
| 650 | 0 | 4 |
_93727 _aPeriodistes catalans _vRecull d'escrits |
| 700 | 1 |
_9188 _aCassany, Enric _eed. |
|
| 942 |
_cMON _2udc |
||
| 999 |
_c5926 _d5926 |
||